Le amicizie particolari /

Guardat en:
Dades bibliogràfiques
Autor principal: Peyrefitte, Roger (Autor)
Format: Llibre
Idioma:italià
Publicat: [Torino! : Einaudi, 1949,
Col·lecció:I coralli ; 35
Etiquetes: Afegir etiqueta
Sense etiquetes, Sigues el primer a etiquetar aquest registre!

MARC

LEADER 00000nam a22000007i 4500
001 IT\ICCU\UBO\0117120
003 ItRI
005 20251124212824.0
008 940427s1949 it |||||| ||||| |||||c
040 |b ita  |c ct 
041 7 |a ita  |2 ISO-639-2 
100 1 |a Peyrefitte, Roger  |0 IT\ICCU\CFIV\079761  |4 aut 
240 1 4 |a Les amitiés particulières  |9 Peyrefitte, Roger 
245 1 3 |a Le amicizie particolari /  |c Roger Peyrefitte. 
260 |a [Torino! :  |b Einaudi,  |c 1949,  |g (stampa 1948) 
300 |a 391 p. ;  |c 20 cm. 
830 2 |a I coralli ;  |v 35  |0 IT\ICCU\RAV\0002201 
942 |2 ddc  |c BK  |n 0 
952 |0 0  |1 0  |2 ddc  |4 0  |6 843_900000000000000_PEY  |7 1  |9 9971  |a RM  |b RM  |d 2025-11-24  |l 0  |o 843.9 PEY  |p 933  |r 2025-11-24 18:56:51  |w 2025-11-24  |y BK 
999 |c 8205  |d 8205